Curva esfuerzo-deformación de mampostería con bloques de 20x20x40 cm y 13.6x13.6x28.6 cm
Tallennettuna:
| Päätekijä: | |
|---|---|
| Muut tekijät: | |
| Aineistotyyppi: | Kirja |
| Kieli: | Spanish |
| Julkaistu: |
[San José ], Costa Rica
2019
|
| Aiheet: | |
| Tagit: |
Lisää tagi
Ei tageja, Lisää ensimmäinen tagi!
|
MARC
| LEADER | 00000nam a22000007a 4500 | ||
|---|---|---|---|
| 003 | 013113 | ||
| 005 | 20230505103125.0 | ||
| 008 | 190826b2019 c a|||| ||m| 00| ||spa d | ||
| 040 | |c cru CEDI | ||
| 100 | |9 492 |a Vaca Rojas, Carolina, 1992- | ||
| 245 | |a Curva esfuerzo-deformación de mampostería con bloques de 20x20x40 cm y 13.6x13.6x28.6 cm | ||
| 260 | |a [San José ], Costa Rica |c 2019 | ||
| 500 | |a Proyecto de graduación (licenciatura en ingeniería civil)--Universidad de Costa Rica. Facultad de Ingeniería. Escuela de Ingeniería Civil | ||
| 501 | |a Director de Proyecto de Graduación: Ing. Guillermo González Beltrán, Ph.D. | ||
| 650 | |x MAMPOSTERIA - PRUEBAS |x DISEÑO DE ESTRUCTURAS |x ANALISIS ESTRUCTURAL (INGENIERIA) | ||
| 700 | |9 219 |a González Beltrán, Guillermo, 1974- |d Director del TFG | ||
| 942 | |c CEDI |i TFG 8263 |6 TFG_8263_000000000000000 | ||
| 999 | |c 21779 |d 21779 | ||
